000 00999nam a2200313Ia 4500
003 OSt
005 20221007122656.0
006 a|||||r|||| 00| 0
007 ta
008 221006b |||||||| |||| 00| 0 eng d
020 _a9780521762458 (hb)
024 _a156237
037 _b1368, 23/09/2011, Ashutosh Technical Books
_cTextual
040 _aPAPL
_cPAPL
_beng
041 _2eng
_aeng
082 _aCN1, Q0 Carpa
100 _aFranklin Joel
_9714873
245 0 _aAdvanced mechanics and general relativity
260 _aNew
_bYork CUP
_c2010
300 _axi;367p.
_ccm.
500 _aInclude bibliographical references 361-362p; Index 363-367p
650 _a General relativity physics
_9714874
650 _a Mechanics
650 _a Newton gravity
_9714875
650 _a Scaler field theory
_9714876
650 _aPhysics
942 _hCN1, Q0 Carpa
_cTEXL
_2CC
999 _c1210759
_d1210759